Lessons in astronomy : including uranography. A brief introductory course without mathematics.

Bibliographic Details
Main Author: Young, Charles A. (Charles Augustus), 1834-1908
Format: Book
Language:English
Published: Boston, London : Ginn, 1893.
Subjects:

MARC

Tag First Indicator Second Indicator Subfields
LEADER 00000cam a2200000 4500
001 in00000040877
005 20151007064718.0
008 800523s1893 maua 00000 eng d
035 |a (OCoLC)06354243 
035 |9 AAE0433AM 
040 |a TXA  |c TXA  |d UtOrBLW 
049 |a TXAM  |c [250370] 
090 |a QB45  |b .Y74 1893 
092 |a 520  |b Y69, 1893 
100 1 |a Young, Charles A.  |q (Charles Augustus),  |d 1834-1908. 
245 1 0 |a Lessons in astronomy :  |b including uranography. A brief introductory course without mathematics. 
264 1 |a Boston,  |a London :  |b Ginn,  |c 1893. 
300 |a ix, 357 pages :  |b illustrations 
336 |a text  |b txt  |2 rdacontent 
337 |a unmediated  |b n  |2 rdamedia 
338 |a volume  |b nc  |2 rdacarrier 
650 0 |a Astronomy. 
999 |a MARS 
999 f f |s c5d67427-376d-3409-bbd0-0393dcc75a24  |i 8d24d97a-a39c-307b-af96-c4cb6c4aca56  |t 0 
952 f f |p ric  |a Texas A&M University  |b Rellis Campus  |c Joint Library Facility  |d Remote Storage  |t 0  |e QB45 .Y74 1893  |h Library of Congress classification  |i unmediated -- volume  |m A14800898353 
998 f f |a QB45 .Y74 1893  |t 0  |l Remote Storage